Alle Vereine, gegen die Thomas Müller beim FC Bayern getroffen hat - Statistiken

Allgemein
  • Dieses Quiz wurde 202 mal gespielt
  • Das Durchschnittsergebnis liegt bei 46 aus 78
Antwortstatistiken
Tore Spiele Nation Verein % Korrekt
14 45 Deutschland Borussia Dortmund
98%
8 10 Spanien FC Barcelona
95%
7 20 Deutschland Hamburger SV
94%
13 25 Deutschland FC Schalke 04
92%
3 17 Deutschland RB Leipzig
90%
13 31 Deutschland SV Werder Bremen
90%
9 33 Deutschland Bayer 04 Leverkusen
88%
6 29 Deutschland SC Freiburg
88%
6 24 Deutschland Hertha BSC
87%
11 30 Deutschland VfB Stuttgart
87%
1 1 Deutschland VfB Stuttgart II
87%
7 30 Deutschland SG Eintracht Frankfurt
86%
9 30 Deutschland FC Augsburg
85%
5 22 Deutschland 1. FC Köln
84%
5 33 Deutschland Borussia Mönchengladbach
83%
3 6 Italien Juventus Turin
83%
1 9 Frankreich Paris Saint-Germain
83%
15 32 Deutschland VfL Wolfsburg
83%
5 7 England FC Arsenal
81%
7 30 Deutschland TSG 1899 Hoffenheim
81%
2 11 Deutschland 1. FC Nürnberg
80%
7 32 Deutschland 1. FSV Mainz 05
80%
1 8 Portugal Benfica Lissabon
79%
1 4 England FC Chelsea
79%
4 13 Deutschland 1. FC Union Berlin
78%
5 12 Deutschland VfL Bochum
78%
2 6 Italien Inter Mailand
77%
11 17 Deutschland Hannover 96
76%
2 6 England Manchester City
76%
1 6 England Manchester United
75%
1 5 Deutschland 1. FC Heidenheim
74%
1 2 Portugal FC Porto
74%
4 5 Deutschland SpVgg Greuther Fürth
71%
2 3 Italien AS Rom
70%
6 8 Deutschland Fortuna Düsseldorf
68%
3 7 Deutschland SV Darmstadt 98
68%
2 4 Österreich RB Salzburg
66%
1 1 Portugal Sporting Lissabon
65%
3 5 Deutschland 1. FC Kaiserslautern
63%
1 3 Schottland Celtic Glasgow
63%
1 6 Spanien Atletico Madrid
61%
3 3 Ukraine Shakhtar Donezk
61%
2 4 Deutschland DSC Arminia Bielefeld
60%
1 4 Schweiz FC Basel
59%
1 1 England Tottenham Hotspur
59%
1 6 Deutschland Eintracht Braunschweig
58%
1 3 Italien Lazio Rom
57%
2 7 Deutschland SC Paderborn
57%
1 4 Deutschland FC Ingolstadt 04
56%
2 2 Türkei Besiktas Istanbul
55%
1 1 Deutschland 1. FC Saarbrücken
53%
1 2 Serbien Roter Stern Belgrad
53%
1 2 Niederlande PSV Eindhoven
52%
3 4 Russland ZSKA Moskau
49%
2 1 Deutschland TSV Alemannia Aachen
48%
1 2 Spanien FC Valencia
45%
3 4 Griechenland Olympiakos Piräus
45%
1 1 Deutschland SC Preußen Münster
43%
2 1 Deutschland SSV Ulm 1846
39%
1 3 Tschechien Viktoria Pilsen
38%
1 1 Slowakei Slovan Bratislava
36%
2 3 Deutschland SSV Jahn Regensburg
35%
2 1 Neuseeland Auckland City FC
34%
1 2 Frankreich LOSC Lille
29%
1 2 Deutschland SpVgg Unterhaching
26%
2 3 Deutschland FC Carl Zeiss Jena
24%
2 2 Israel Maccabi Haifa
22%
1 2 Rumänien CFR Cluj
19%
1 2 Deutschland Erzgebirge Aue
19%
1 1 Deutschland Rot-Weiß Oberhausen
16%
1 2 Belarus BATE Borisov
14%
3 2 Deutschland SV Sandhausen
12%
1 2 Deutschland Wuppertaler SV
11%
2 2 Deutschland VfR Aalen
9%
1 2 Russland FK Rostov
8%
1 1 Deutschland SV Rödinghausen
8%
1 1 Deutschland 1. FC Düren
7%
3 1 Deutschland BSV Schwarz-Weiß Rehden
4%
Keine übereinstimmenden Quizze gefunden
Verteilung der Resultate
Anzahl Personen mit jedem Resultat
Perzentil nach korrekt beantworteten Fragen
Ihre Resultats-Entwicklung
Sie haben dieses Quiz noch nicht gespielt